Normal view
MARC view
Entry Personal Name
001 - CONTROL NUMBER
- control field: 52261
003 - CONTROL NUMBER IDENTIFIER
- control field: ARRUPE
005 - DATE AND TIME OF LATEST TRANSACTION
- control field: 20230327114100.0
008 - FIXED-LENGTH DATA ELEMENTS
- fixed length control field: 230327|| aca||aabn | a|a d
040 ## - CATALOGING SOURCE
- Original cataloging agency: ARRUPE
- Transcribing agency: ARRUPE
100 ## - HEADING--PERSONAL NAME
- Personal name: Brockman,R James
670 ## - SOURCE DATA FOUND
- Source citation: Work cat.: (ARRUPE)131705: Brockman,R James, Oskar Romero.